Percy Jackson and the Olympians: The Lightning Thief - Statistics

General Stats
  • This quiz has been taken 69 times
  • The average score is 13 of 15
Answer Stats
Hint Answer % Correct
Who is the main character, the son of Poseidon? Percy Jackson
100%
Who is the main character's satyr best friend? Grover Underwood
94%
What camp for Greek demigods does he end up in? Camp Half-Blood
92%
Who is his abusive stepfather? Gabe Ugliano
92%
Who is his mother? Sally Jackson
92%
Who is the head counselor of the Hermes cabin? Luke Castellan
90%
What snake-haired monster did the main charactersface and defeat? Medusa
90%
Who is the head counselor of the Athena cabin? Annabeth Chase
87%
Who is the camp's activities director? Chiron
87%
Who is the head counselor of the Ares cabin? Clarisse La Rue
83%
Who is the camp's director? Mr. D
83%
What does the main character go on a quest to find? Zeus's master bolt
79%
Which time-warping hotel did the main charactersstay a few days in? The Lotus Hotel and Casino
78%
Who gave the main character the lightning bolt? Ares
71%
Who was the Mother of Monsters that the main character fought atop the St. Louis Arch? Echidna
51%
No matching quizzes found
Score Distribution
Percent of People with Each Score
Percentile by Number Answered
Your Score History
You have not taken this quiz